000 00722nam a2200205Ia 4500
003 GCL
008 140319s9999 xx 000 0 ara d
040 _aGCL /
_cGCL
082 0 4 _a811.5
_bع م
100 1 _aعلى على الفلال
245 1 0 _aمهيار الديلمى وشعره (هدية من الاديب عبدالفتاح الجمل) /
_cعلى على الفلال
300 _a207 ص
490 _aالهيئة العامة للاستعلامات
_v0
650 0 4 _aالادب العربى
650 0 4 _aالدولة العباسية الثانية
650 0 4 _aالشعر العربى - تاريخ ونقد
650 0 4 _aالشعراء العراقيون
650 0 4 _aمهيار
942 _2ddc
_cBK
999 _c47655
_d47655